[Event "Valby K41 Spring-C"]
[Site "Valby"]
[Date "2007.05.08"]
[Round "6"]
[White "Marshall, Michael"]
[Black "Thygesen, Morten"]
[Result "0-1"]
[WhiteElo "1770"]
[BlackElo "1884"]
[PlyCount "126"]
[EventDate "2007.03.13"]
[EventType "tourn"]
[EventRounds "7"]
[EventCountry "DEN"]
[SourceTitle "EXT 2023"]
[Source "ChessBase"]
[SourceDate "2022.10.05"]
[SourceVersion "1"]
[SourceVersionDate "2022.10.05"]
[SourceQuality "1"]

1. d4 d5 2. Nf3 c5 3. e3 Nc6 4. b3 Bg4 5. Be2 Nf6 6. 0-0 cxd4 7. exd4 e6 8. Bb2 Bd6 9. Nbd2 0-0 10. Ne5 Bxe2 11. Qxe2 Rc8 12. c4 Nd7 13. Ndf3 Ndxe5 14. dxe5 Bb8 15. Rfd1 Ne7 16. Rac1 Qa5 17. cxd5 Nxd5 18. a3 Rfd8 19. h3 h6 20. Qe4 Qb6 21. Nd4 a6 22. Kh1 Ba7 23. Qf3 Rxc1 24. Rxc1 Ne7 25. Rd1 Rd5 26. Nc2 Qxf2 27. Qxf2 Bxf2 28. Rxd5 exd5 29. Nd4 Bxd4 30. Bxd4 Nc6 31. Bb2 Kf8 32. Kg1 Ke7 33. Kf2 Ke6 34. Ke2 g6 35. Ke3 Nxe5 36. Kd4 b6 37. a4 Nc6+ 38. Ke3 h5 39. Bc3 Kf5 40. g3 b5 41. axb5 axb5 42. Kd3 g5 43. Ke3 b4 44. Bd2 f6 45. Kd3 Ke5 46. g4 hxg4 47. hxg4 Kd6 48. Be1 Ne5+ 49. Ke3 Nxg4+ 50. Kd4 Ne5 51. Bxb4+ Ke6 52. Bc5 Nd7 53. Ba7 Kd6 54. b4 Kc6 55. Kc3 Kb5 56. Bf2 f5 57. Be1 Ne5 58. Bf2 f4 59. Bc5 g4 60. Kd4 Nc6+ 61. Kxd5 f3 62. Bf2 Nxb4+ 63. Ke4 Kc4 0-1